000 00531pam a2200217 a 4500
001 1003812
005 20180222044856.0
008 870129s1987 cou b 001 0 eng
010 _a 87002165
020 _a0813373727
040 _aDLC
_cDLC
_dDLC
041 _aeng
080 _a330
082 0 0 _a330 GIN
_219
100 1 _a52
101 _aEKO
245 1 4 _aThe skeptical economist /
_cEli Ginzberg.
504 _aBibliography: p. 173-175.
906 _a7
_bcbc
_corignew
_d1
_eocip
_f19
_gy-gencatlg
942 _2ddc
_cBK
999 _c43158
_d43158